[Event "Quebec op U1900"]
[Site "Montreal"]
[Date "1993.08.06"]
[Round "7"]
[White "Tisseur, Daniel"]
[Black "Geoffroy, Michel"]
[Result "1/2-1/2"]
[WhiteElo "1851"]
[BlackElo "1785"]
[PlyCount "43"]
[EventDate "1993.07.31"]
[EventType "swiss"]
[EventRounds "8"]
[EventCountry "CAN"]
[SourceTitle "EXT 2022"]
[Source "ChessBase"]
[SourceDate "2021.10.06"]
[SourceVersion "1"]
[SourceVersionDate "2021.10.06"]
[SourceQuality "1"]

1. e4 d6 2. f4 g6 3. Nf3 Bg7 4. d4 Nf6 5. Nc3 c5 6. Bb5+ Bd7 7. e5 Ng4 8. Bxd7+ Qxd7 9. exd6 0-0 10. Ne5 Nxe5 11. dxe5 exd6 12. Qxd6 Qxd6 13. exd6 Bxc3+ 14. bxc3 Rd8 15. Be3 Rxd6 16. Bxc5 Re6+ 17. Kf2 b6 18. Bd4 Nc6 19. Rhe1 Rd6 20. Be5 Nxe5 21. Rxe5 Rd2+ 22. Re2 1/2-1/2

[Event "Quebec op U1800"]
[Site "Montreal"]
[Date "1986.08.09"]
[Round "7"]
[White "Nault, Charles"]
[Black "Geoffroy, Michel"]
[Result "1-0"]
[WhiteElo "1638"]
[BlackElo "1671"]
[PlyCount "61"]
[EventDate "1986.08.03"]
[EventType "swiss"]
[EventRounds "8"]
[EventCountry "CAN"]
[SourceTitle "EXT 2022"]
[Source "ChessBase"]
[SourceDate "2021.10.06"]
[SourceVersion "1"]
[SourceVersionDate "2021.10.06"]
[SourceQuality "1"]

1. e4 d6 2. d4 Nf6 3. Nc3 g6 4. Nf3 Bg7 5. Bg5 c6 6. Be2 b5 7. e5 b4 8. exf6 exf6 9. Bd2 bxc3 10. Bxc3 0-0 11. 0-0 Be6 12. Qd2 Nd7 13. Ba5 Nb6 14. c4 Qd7 15. Rac1 Rfe8 16. b4 Rac8 17. Bxb6 axb6 18. d5 cxd5 19. cxd5 Bxd5 20. Rxc8 Qxc8 21. Qxd5 Rxe2 22. Qxd6 Rxa2 23. Qxb6 f5 24. Rd1 Qc2 25. Rf1 Qb2 26. g3 Ra4 27. Rd1 Rxb4 28. Rd8+ Bf8 29. Qd6 Kg7 30. Qxf8+ Kf6 31. Rd6# 1-0